00526nam a2200157 a 4500008004100000100002200041245011400063260005900177300002900236650002300265650002400288700002900312003000100341005001700342040000900359 1 aSingh, Gurcharan.10aCivil engineering drawing :bfor civil engineering students /cby Gurcharan Singh and Subhash Chander Sharma. aNew Delhi :bStandard Publishers Distributors, c1988. a408 p. :bill. ;c24 cm. aCivil engineering.0 aStructural drawing.1 aSharma, Subhash Chander.20230123134347.0 cNUST